| 000 | 00660nam a2200121Ia 4500 | ||
|---|---|---|---|
| 008 | 171212s9999 xx 000 0 und d | ||
| 020 | _a9780833040374 | ||
| 100 | _aJaycox, Lisa H.;Morse, Lindsey K.;Tanielian, Terri;Stein, Bradley D.;Lindsey K. Morse, ;Terri Tanielian, ;Bradley D. Stein, | ||
| 245 |
_cJaycox, Lisa H.;Morse, Lindsey K.;Tanielian, Terri;Stein, Bradley D.;Lindsey K. Morse, ;Terri Tanielian, ;Bradley D. Stein, _aHow Schools Can Help Students Recover from Traumatic Experiences _bA Tool Kit for Supporting Long-Term Recovery |
||
| 260 |
_bRAND Corporation _c2006 |
||
| 650 | _aPolitical Science | ||
| 856 | _uwww.jstor.org/stable/10.7249/tr413rc | ||
| 999 |
_c352159 _d352159 |
||